Sparkling cyanide (Record no. 534001)
[ view plain ]
| 000 -LEADER | |
|---|---|
| fixed length control field | 01662cim a22004334a 4500 |
| 001 - CONTROL NUMBER | |
| control field | 13852757 |
| 003 - CONTROL NUMBER IDENTIFIER | |
| control field | NUST |
| 005 - DATE AND TIME OF LATEST TRANSACTION | |
| control field | 20200128100504.0 |
| 007 - PHYSICAL DESCRIPTION FIXED FIELD--GENERAL INFORMATION | |
| fixed length control field | ss|lsnjlcmnnue |
| 008 - FIXED-LENGTH DATA ELEMENTS--GENERAL INFORMATION | |
| fixed length control field | 050127t20011945nyunnn f| eng |
| 010 ## - LIBRARY OF CONGRESS CONTROL NUMBER | |
| LC control number | 2005570680 |
| 020 ## - INTERNATIONAL STANDARD BOOK NUMBER | |
| International Standard Book Number | 1559277327 |
| 024 0# - OTHER STANDARD IDENTIFIER | |
| Standard number or code | 9781559277327 |
| 028 02 - PUBLISHER NUMBER | |
| Publisher number | ART 732 |
| Source | Audio Renaissance |
| 038 ## - RECORD CONTENT LICENSOR | |
| Staff Name | MSOHAIL |
| 040 ## - CATALOGING SOURCE | |
| Original cataloging agency | DLC |
| Transcribing agency | DLC |
| Modifying agency | DLC |
| 042 ## - AUTHENTICATION CODE | |
| Authentication code | pcc |
| 043 ## - GEOGRAPHIC AREA CODE | |
| Geographic area code | e-lu--- |
| 050 00 - LIBRARY OF CONGRESS CALL NUMBER | |
| Classification number | RZA 8208 |
| 082 ## - DEWEY DECIMAL CLASSIFICATION NUMBER | |
| Classification number | 823.912 |
| 100 1# - MAIN ENTRY--PERSONAL NAME | |
| Personal name | Christie, Agatha, |
| Dates associated with a name | 1890-1976. |
| 9 (RLIN) | 28097 |
| 245 10 - TITLE STATEMENT | |
| Title | Sparkling cyanide |
| Medium | [sound recording] / |
| Statement of responsibility, etc. | Agatha Christie. |
| 246 1# - VARYING FORM OF TITLE | |
| Display text | Also published as: |
| Title proper/short title | Remembered death |
| 260 ## - PUBLICATION, DISTRIBUTION, ETC. | |
| Place of publication, distribution, etc. | New York, N.Y. : |
| Name of publisher, distributor, etc. | Audio Renaissance : |
| -- | Distributed by Holtzbrinck Publishers, |
| Date of publication, distribution, etc. | p2001, [1945] |
| 300 ## - PHYSICAL DESCRIPTION | |
| Extent | 336;pxv |
| Other physical details | analog. |
| 306 ## - PLAYING TIME | |
| Playing time | 030000 |
| 500 ## - GENERAL NOTE | |
| General note | Abridged. |
| 500 ## - GENERAL NOTE | |
| General note | In container (18 cm.). |
| 511 0# - PARTICIPANT OR PERFORMER NOTE | |
| Participant or performer note | Read by Nigel Anthony. |
| 520 ## - SUMMARY, ETC. | |
| Summary, etc. | In a Luxembourg nightclub, six friends sit down at a table laid for seven. In front of the empty place is a sprig of rosemary, as a remembrance of Rosemary Barton, who was murdered exactly one year earlier-- by one of those present. |
| 651 #0 - SUBJECT ADDED ENTRY--GEOGRAPHIC NAME | |
| Geographic name | Luxembourg |
| Form subdivision | Fiction. |
| 9 (RLIN) | 28098 |
| 655 #7 - INDEX TERM--GENRE/FORM | |
| Genre/form data or focus term | Mystery fiction. |
| Source of term | gsafd |
| 9 (RLIN) | 5621 |
| 700 1# - ADDED ENTRY--PERSONAL NAME | |
| Personal name | Anthony, Nigel. |
| Relator code | nrt |
| 9 (RLIN) | 27114 |
| 856 42 - ELECTRONIC LOCATION AND ACCESS | |
| Materials specified | Contributor biographical information |
| Uniform Resource Identifier | <a href="http://www.loc.gov/catdir/enhancements/fy0628/2005570680-b.html">http://www.loc.gov/catdir/enhancements/fy0628/2005570680-b.html</a> |
| 856 42 - ELECTRONIC LOCATION AND ACCESS | |
| Materials specified | Publisher description |
| Uniform Resource Identifier | <a href="http://www.loc.gov/catdir/enhancements/fy0628/2005570680-d.html">http://www.loc.gov/catdir/enhancements/fy0628/2005570680-d.html</a> |
| 906 ## - LOCAL DATA ELEMENT F, LDF (RLIN) | |
| a | 7 |
| b | cbc |
| c | orignew |
| d | 3 |
| e | ncip |
| f | 20 |
| g | y-genmusic |
| 942 ## - ADDED ENTRY ELEMENTS (KOHA) | |
| Source of classification or shelving scheme | |
| Koha item type | Book |
| Withdrawn status | Lost status | Source of classification or shelving scheme | Damaged status | Not for loan | Permanent Location | Current Location | Date acquired | Total Checkouts | Full call number | Barcode | Date last seen | Price effective from | Koha item type |
|---|---|---|---|---|---|---|---|---|---|---|---|---|---|
| School of Civil and Environmental Engineering (SCEE) | School of Civil and Environmental Engineering (SCEE) | 01/28/2020 | 823.912 | NIT-9497 | 01/28/2020 | 01/28/2020 | Book |
